02156nam a2200325Ia 4500001000600000003000900006008004100015040001300056040001300069041001300082100002200095100002900117245002800146245008800174250001100262260001100273260001600284260004900300300006000349500101600409650003901425650003101464700001901495700002901514942000701543957000601550999001701556999000601573952025101579A6555IT-RoPAU130308s9999 xx 000 0 und d aIT-RoPAU cIT-RoPAU aITALIANO aDrege Jean-Pierre gCodice Aut. SPICS: 29009 aCina: il paese di mezzo bComunicazione nella storia (La)-2-Un itinerario Nello Sviluppo dei Rapporti Sociali a1a ed. aTORINO bSeat - Stet c1990 [1° Ed.:1990 - Ed.Ling.Originale:1990] a"143 p. (prefazione: no ; testo: 143 [pagine: 11-153])" aPunto D'Incontro del Mondo. regno di Mezzo. Sistema del Mondo. Pensare, Parlare, Scrivere. Espressione del pensiero . Dalla Magia Alla Storia. Poteri della Scrittura. Comunicazione Scritta. Modalità di Lettura e di Scrittura. supporti della Scrittura e Trasmissione dei Testi. invenzione della Stampa. Scrittura e Storia. vie degli Dei. pellegrinaggi e Ricerca della Legge. Frequentazione delle montagne Sacre. Viaggio Interiore. Sogni e Viaggio dell'Anima. Combustione delle Carte e Messaggi Alle Divinità. Armonia e Comunicazione Artistica. Natura e Pittura. Musica e Comunità Sociale. Individuo, Clan, Famiglia. Potere e Comunicazione. Sulle strade della Cina. scelta di una Capitale. Rete Viaria. Grandi vie di Comunicazione Fluviale. Giunca, Palanchino o Carriola? Posta ufficiale e Poste Private. Posta Imperiale. Trasmissioni Militari. Corrispondenza Privata. Tempo dei Viaggi. Città Luogodi Scambi. Spedizioni Marittime. Occidente e Cina. via della Seta. Epopea Missionaria. Era della Sinologia. aSTORIA DELLA COMUNICAZIONE SOCIALE eCodice materia Spics: 3808 aPasquet Sylvie gCodice Aut. SPICS: 35968 cBK 71 c81160d81160 g1 0010406A_000000000000000_655571aSPICSbSPICSd2013-03-08l0oA6555r2013-03-08 00:00:00w2013-03-08yBKzProgressivo inserimento: 17379 / N. Volumi: 0 [=Contributo] Copie: 1 / data import: 1 marzo 2013 - By Epidotti, Trombetti, Vaglietti.